| 000 | 00506nam a2200181Ia 4500 | ||
|---|---|---|---|
| 001 | 15616 | ||
| 005 | 20260306170209.0 | ||
| 008 | 260306t2017||||xx |||||||||||||| ||und|| | ||
| 041 | _aESP | ||
| 082 |
_a551.210985 _bI59 |
||
| 100 |
_aInstituto Geofísico del Perú _eAUT |
||
| 245 | 0 |
_aInvestigación y monitoreo de volcanes activos en el sur del Perú: _breporte técnico especial |
|
| 260 | _c2017 | ||
| 300 |
_a59 páginas : _c30 cm. |
||
| 650 | _aGEN | ||
| 654 | _aCCN | ||
| 942 |
_cLIB _dJUS _fJUS _2ddc _n |
||
| 999 |
_c15616 _d15616 |
||